Countries with Only Coastal First Level Subdivisions - Statistics

General Stats
  • This quiz has been taken 105 times
  • The average score is 24 of 34
Answer Stats
Country % Correct
Saint Kitts and Nevis
81%
New Zealand
78%
Saint Lucia
78%
Saint Vincent and the Grenadines
78%
Fiji
77%
Antigua and Barbuda
76%
Malta
75%
Marshall Islands
75%
Tuvalu
75%
Cyprus
73%
Dominica
73%
Federated States of Micronesia
73%
Indonesia
73%
Palau
73%
Samoa
73%
United Kingdom
73%
Vanuatu
73%
Maldives
72%
Solomon Islands
72%
Bahamas
71%
Cuba
71%
Grenada
71%
Jamaica
71%
Mauritius
71%
Tonga
71%
Comoros
68%
Singapore
67%
Bahrain
66%
Denmark
65%
Greece
65%
São Tomé and Príncipe
65%
Brunei
61%
United Arab Emirates
59%
Netherlands
43%
No matching quizzes found
Score Distribution
Percent of People with Each Score
Percentile by Number Answered
Your Score History
You have not taken this quiz